[Event "Ustron op-A"]
[Site "Ustron"]
[Date "2023.08.17"]
[Round "7"]
[White "Dobrovolsky, Ladislav"]
[Black "Mickiewicz, Piotr"]
[Result "0-1"]
[WhiteElo "2168"]
[BlackElo "2243"]
[PlyCount "121"]
[EventDate "2023.08.11"]
[EventType "swiss"]
[EventRounds "9"]
[EventCountry "POL"]
[SourceTitle "CBM 215 Extra"]
[Source "ChessBase"]
[SourceDate "2023.09.30"]
[SourceVersion "1"]
[SourceVersionDate "2023.09.30"]
[SourceQuality "1"]

1. c4 g6 2. d4 Bg7 3. Nc3 Nf6 4. e4 d6 5. Nf3 0-0 6. Be2 Bg4 7. Be3 Nfd7 8. Qd2 e5 9. d5 a5 10. h3 Bxf3 11. Bxf3 f5 12. Qc2 Na6 13. 0-0-0 f4 14. Bd2 Nb4 15. Qb1 Nc5 16. Be1 c6 17. Kd2 cxd5 18. Nxd5 Nxd5 19. cxd5 Qb6 20. Rc1 Rac8 21. b3 Qb5 22. Kd1 a4 23. Be2 Qb6 24. bxa4 Qa7 25. Bg4 Qxa4+ 26. Qc2 Qd4+ 27. Ke2 f3+ 28. gxf3 Ra8 29. Bd2 Ra3 30. Be3 Qb4 31. Rb1 Qa5 32. Bxc5 Rc3 33. Qd2 Qa6+ 34. Ke1 Rxc5 35. Qe2 Qa5+ 36. Kf1 b5 37. Kg2 h5 38. Be6+ Kh7 39. Rhc1 b4 40. Rc4 Rb8 41. Qc2 Rxc4 42. Qxc4 Bh6 43. Rd1 Bf4 44. Kh1 Qb6 45. Kg2 Ra8 46. Qc6 Qd8 47. Qc4 Qg5+ 48. Kh1 Qh4 49. Qe2 Ra3 50. Kg2 Rc3 51. Rb1 Qg5+ 52. Kh1 Qd8 53. Rg1 Kh6 54. Bf7 Qh4 55. Kg2 Qf6 56. Be6 Qe7 57. Kh1 Qc7 58. Qf1 Rc2 59. Qg2 g5 60. Qf1 Qc5 61. Kg2 0-1

[Event "Bohumin op-A 6th"]
[Site "Bohumin"]
[Date "2023.07.03"]
[Round "3"]
[White "Zylka, Stanislaw"]
[Black "Dobrovolsky, Ladislav"]
[Result "1-0"]
[WhiteElo "2417"]
[BlackElo "2172"]
[PlyCount "79"]
[EventDate "2023.07.01"]
[EventType "swiss"]
[EventRounds "9"]
[EventCountry "CZE"]
[SourceTitle "CBM 215 Extra"]
[Source "ChessBase"]
[SourceDate "2023.09.30"]
[SourceVersion "1"]
[SourceVersionDate "2023.09.30"]
[SourceQuality "1"]

1. d4 Nf6 2. c4 g6 3. Nc3 Bg7 4. e4 d6 5. Be2 0-0 6. Be3 e5 7. d5 Na6 8. h4 Nc5 9. Qc2 a5 10. h5 Bd7 11. h6 Bh8 12. 0-0-0 Ne8 13. g4 Bf6 14. Nh3 a4 15. f3 b6 16. Kb1 Be7 17. Rdg1 Kh8 18. Qd2 a3 19. b4 Na4 20. Nxa4 Rxa4 21. Bd1 Ra8 22. b5 f5 23. exf5 gxf5 24. Bc2 f4 25. Bf2 Rf7 26. Qd3 Bg5 27. Be1 Qe7 28. Bb4 Bh4 29. Bxa3 Bg3 30. Bb2 Nf6 31. Ng5 Rff8 32. Ne6 Bxe6 33. dxe6 Rg8 34. Qf5 Raf8 35. g5 Ne8 36. Bxe5+ dxe5 37. Qxe5+ Nf6 38. gxf6 Rxf6 39. Rd1 Qxe6 40. Rd7 1-0

[Event "Bohumin op 5th"]
[Site "Bohumin"]
[Date "2022.07.10"]
[Round "9"]
[White "Kolar, Stanislav"]
[Black "Dobrovolsky, Ladislav"]
[Result "0-1"]
[WhiteElo "1964"]
[BlackElo "2228"]
[PlyCount "98"]
[EventDate "2022.07.02"]
[EventType "swiss"]
[EventRounds "9"]
[EventCountry "CZE"]
[SourceTitle "CBM 209 Extra"]
[Source "ChessBase"]
[SourceDate "2022.09.30"]
[SourceVersion "1"]
[SourceVersionDate "2022.09.30"]
[SourceQuality "1"]

1. Nf3 c5 2. g3 d5 3. Bg2 Nc6 4. d4 e6 5. 0-0 Nf6 6. c4 Be7 7. cxd5 exd5 8. Nc3 0-0 9. Bf4 c4 10. Ne5 Be6 11. Qd2 Qb6 12. Rfd1 Rfd8 13. Nxc6 Qxc6 14. a4 h6 15. h4 Bb4 16. Qc2 Qd7 17. a5 b5 18. axb6 axb6 19. Bd2 Bf5 20. Qc1 Be7 21. Bf4 b5 22. Be5 Be6 23. e4 Rxa1 24. Qxa1 Nxe4 25. Nxe4 dxe4 26. Bxe4 Bg4 27. Re1 Bb4 28. Rc1 f6 29. Bf4 Qxd4 30. Qb1 Bd2 31. Bxd2 Qxd2 32. Qc2 Qxc2 33. Rxc2 Rd1+ 34. Kg2 Kf7 35. f3 Be6 36. g4 Ke7 37. Kf2 Kd6 38. h5 Bd5 39. Bg6 b4 40. Ke2 Rh1 41. Ke3 Kc5 42. Bf5 Rf1 43. Be4 Re1+ 44. Kf4 Bxe4 45. fxe4 Rf1+ 46. Ke3 Rg1 47. Kf4 c3 48. Kf5 Kc4 49. bxc3 b3 0-1

[Event "Bohumin op 5th"]
[Site "Bohumin"]
[Date "2022.07.09"]
[Round "8"]
[White "Dobrovolsky, Ladislav"]
[Black "Posluszny, Tomasz"]
[Result "1/2-1/2"]
[WhiteElo "2228"]
[BlackElo "1972"]
[PlyCount "61"]
[EventDate "2022.07.02"]
[EventType "swiss"]
[EventRounds "9"]
[EventCountry "CZE"]
[SourceTitle "CBM 209 Extra"]
[Source "ChessBase"]
[SourceDate "2022.09.30"]
[SourceVersion "1"]
[SourceVersionDate "2022.09.30"]
[SourceQuality "1"]

1. c4 Nf6 2. Nf3 c6 3. g3 d5 4. b3 Bg4 5. Bb2 Nbd7 6. Bg2 e6 7. 0-0 Bd6 8. d4 h6 9. Nc3 0-0 10. Re1 Qe7 11. e4 dxe4 12. Nxe4 Nxe4 13. Rxe4 f5 14. Re1 f4 15. Qd3 Rae8 16. Rf1 e5 17. dxe5 Nxe5 18. Bxe5 Bxe5 19. Rae1 Qf6 20. Nxe5 Rxe5 21. Rxe5 Qxe5 22. Qg6 Bh5 23. Qc2 Re8 24. Bh3 Bf3 25. Qd2 fxg3 26. hxg3 Qe4 27. Qd7 Qe7 28. Qf5 Qe4 29. Qd7 g5 30. Bf5 Qe7 31. Qd4 1/2-1/2

[Event "Bohumin op 5th"]
[Site "Bohumin"]
[Date "2022.07.07"]
[Round "6"]
[White "Dobrovolsky, Ladislav"]
[Black "Petrov, Nikolaj"]
[Result "1-0"]
[WhiteElo "2228"]
[BlackElo "1726"]
[PlyCount "83"]
[EventDate "2022.07.02"]
[EventType "swiss"]
[EventRounds "9"]
[EventCountry "CZE"]
[SourceTitle "CBM 209 Extra"]
[Source "ChessBase"]
[SourceDate "2022.09.30"]
[SourceVersion "1"]
[SourceVersionDate "2022.09.30"]
[SourceQuality "1"]

1. Nf3 d5 2. g3 Nf6 3. Bg2 c5 4. 0-0 Nc6 5. d3 g6 6. Nbd2 Bg7 7. e4 0-0 8. Re1 Bg4 9. h3 Be6 10. Ng5 d4 11. Nxe6 fxe6 12. h4 Ne5 13. Bh3 Qd6 14. f4 Nh5 15. fxe5 Qxe5 16. Qg4 Kh8 17. Rf1 Nxg3 18. Nf3 Ne2+ 19. Kg2 Qd6 20. Rf2 Nxc1 21. Rxc1 Bh6 22. Rcf1 Be3 23. Re2 Qc7 24. Qxe6 Rf6 25. Qe5 Qd8 26. Ng5 Qf8 27. Ree1 h6 28. Ne6 Qf7 29. Rf3 Kh7 30. Ref1 Re8 31. Rxf6 exf6 32. Qxf6 Qxf6 33. Rxf6 g5 34. h5 a6 35. Bf5+ Kg8 36. Rxh6 g4 37. Rg6+ Kf7 38. Bxg4 b5 39. e5 Rh8 40. Rg7+ Ke8 41. Bf5 Rh6 42. Bg6+ 1-0

[Event "SVK-ch Seniors 65"]
[Site "Tatranske Matliare"]
[Date "2022.06.02"]
[Round "7"]
[White "Dobrovolsky, Ladislav"]
[Black "Mikulas, Dusan"]
[Result "1/2-1/2"]
[WhiteElo "2221"]
[BlackElo "2004"]
[PlyCount "36"]
[EventDate "2022.05.28"]
[EventType "swiss"]
[EventRounds "9"]
[EventCountry "SVK"]
[SourceTitle "EXT 2024"]
[Source "ChessBase"]
[SourceDate "2023.10.10"]
[SourceVersion "1"]
[SourceVersionDate "2023.10.10"]
[SourceQuality "1"]

1. Nf3 Nf6 2. g3 c5 3. Bg2 g6 4. 0-0 Bg7 5. d3 d6 6. c4 0-0 7. Nc3 Nc6 8. e4 e5 9. a3 h6 10. Rb1 a5 11. b3 Kh7 12. h3 Ng8 13. Nd5 Nge7 14. Bd2 f5 15. b4 axb4 16. Nxe7 Qxe7 17. axb4 fxe4 18. dxe4 Nd4 1/2-1/2

[Event "SVK-ch Seniors 65"]
[Site "Tatranske Matliare"]
[Date "2022.05.28"]
[Round "1"]
[White "Munk, Lubomir"]
[Black "Dobrovolsky, Ladislav"]
[Result "0-1"]
[WhiteElo "1770"]
[BlackElo "2221"]
[PlyCount "54"]
[EventDate "2022.05.28"]
[EventType "swiss"]
[EventRounds "9"]
[EventCountry "SVK"]
[SourceTitle "EXT 2024"]
[Source "ChessBase"]
[SourceDate "2023.10.10"]
[SourceVersion "1"]
[SourceVersionDate "2023.10.10"]
[SourceQuality "1"]

1. c4 c5 2. Nc3 g6 3. g3 Bg7 4. Bg2 Nc6 5. d3 d6 6. e4 e5 7. Nge2 Nge7 8. 0-0 0-0 9. Be3 Nd4 10. Nd5 Nxd5 11. cxd5 Bd7 12. h3 Qb6 13. Qd2 Bxh3 14. Bxd4 Bxg2 15. Bxc5 Qxc5 16. Kxg2 f5 17. Rac1 Qb6 18. f4 Rae8 19. Rc4 fxe4 20. dxe4 Rf7 21. g4 exf4 22. Nxf4 Bh6 23. Rb4 Qa5 24. Rf3 Bxf4 25. Qe1 Kf8 26. Ra3 Qc5 27. Rf3 Bd2 0-1

[Event "Ostrava Konik op-A"]
[Site "Ostrava"]
[Date "2022.04.30"]
[Round "1"]
[White "Kolar, Stanislav"]
[Black "Dobrovolsky, Ladislav"]
[Result "0-1"]
[WhiteElo "2006"]
[BlackElo "2222"]
[PlyCount "94"]
[EventDate "2022.04.30"]
[EventType "swiss"]
[EventRounds "9"]
[EventCountry "CZE"]
[SourceTitle "CBM 208 Extra"]
[Source "ChessBase"]
[SourceDate "2022.07.31"]
[SourceVersion "1"]
[SourceVersionDate "2022.07.31"]
[SourceQuality "1"]

1. Nf3 d5 2. d4 e6 3. Bf4 Bd6 4. Bxd6 cxd6 5. Nc3 Nf6 6. e3 0-0 7. Be2 Nc6 8. 0-0 b6 9. a4 Bb7 10. Nd2 Na5 11. Nb5 a6 12. Na3 Nc6 13. c3 Rc8 14. Bd3 e5 15. Bf5 Ra8 16. Re1 Re8 17. Rc1 e4 18. b4 g6 19. Bh3 Bc8 20. Bxc8 Qxc8 21. b5 axb5 22. Nxb5 Qd7 23. Qb3 Red8 24. Ra1 Rdc8 25. Qa3 Na5 26. Nxd6 Rc6 27. Nb5 h5 28. Reb1 Kg7 29. Rb4 Rac8 30. Rab1 h4 31. Qc1 h3 32. g3 Ng4 33. R1b2 Rf6 34. Nf1 Nc4 35. Ra2 Qf5 36. Qd1 Nxf2 37. Qe2 Nd3 38. Rb1 Qg5 39. Qd1 Nxe3 40. Qe2 Nxf1 41. Rxf1 Rxf1+ 42. Qxf1 Qe3+ 43. Kh1 Rc6 44. Re2 Qh6 45. Qg1 Qh5 46. Qe3 Rf6 47. Kg1 Qf5 0-1

[Event "CZE-chT1E 2122"]
[Site "Czech Republic"]
[Date "2022.03.26"]
[Round "10.5"]
[White "Sluka, Radek"]
[Black "Dobrovolsky, Ladislav"]
[Result "0-1"]
[WhiteElo "2324"]
[BlackElo "2249"]
[PlyCount "158"]
[EventDate "2021.10.09"]
[EventType "team-tourn"]
[EventRounds "11"]
[EventCountry "CZE"]
[SourceTitle "EXT 2023"]
[Source "ChessBase"]
[SourceDate "2022.10.05"]
[SourceVersion "1"]
[SourceVersionDate "2022.10.05"]
[SourceQuality "1"]
[WhiteTeam "Brno Moravska Slavia II"]
[BlackTeam "Poruba Slavoj II"]
[WhiteTeamCountry "CZE"]
[BlackTeamCountry "CZE"]

1. e4 e5 2. Nf3 Nc6 3. Bb5 Bc5 4. d3 d6 5. Be3 Bb6 6. Bxb6 axb6 7. h3 Nf6 8. Nc3 0-0 9. 0-0 Bd7 10. a3 Nd4 11. Bc4 Nxf3+ 12. Qxf3 Be6 13. Rad1 Qe7 14. Kh2 Bxc4 15. dxc4 Qe6 16. Qe2 Ne8 17. g4 c6 18. Qd3 g6 19. Rg1 Qf6 20. Qe3 Ra6 21. Ne2 Ng7 22. Rg3 Rd8 23. Rf3 Qe7 24. Qd2 Ne6 25. Rd3 Ra4 26. b4 Rda8 27. Qe3 Qf6 28. Rg1 Nd4 29. Nxd4 exd4 30. Qxd4 Qf4+ 31. Rgg3 Rxa3 32. Qe3 Qxe3 33. Rgxe3 Ra2 34. Re2 Rb2 35. Rxd6 Rxb4 36. e5 Rxc4 37. Rd7 Re8 38. Rxb7 b5 39. Kg3 g5 40. h4 Rc3+ 41. f3 gxh4+ 42. Kf4 h3 43. Ra7 Rc5 44. Rd7 Re6 45. Kf5 Rd5 46. Ra7 b4 47. f4 Rc5 48. g5 h6 49. Rb7 hxg5 50. Rxb4 gxf4 51. Rxf4 Rh6 52. Rff2 Kf8 53. Kg5 Re6 54. Kf5 Ke7 55. Rf3 Rh6 56. Rh2 Rh5+ 57. Kg4 Rcxe5 58. Rhxh3 Rxh3 59. Rxh3 Rc5 60. Rh2 Rc3 61. Kf5 Kd6 62. Ke4 Kc5 63. Rf2 Kb4 64. Kd4 c5+ 65. Kd5 f5 66. Ke5 Ka3 67. Kxf5 c4 68. Ke4 Rh3 69. Kd4 c3 70. Rg2 Kb2 71. Kc4 Rh4+ 72. Kd3 Rh8 73. Kc4 Rc8+ 74. Kb4 Rd8 75. Rg3 Rd4+ 76. Kc5 Rd2 77. Kc4 Rxc2 78. Rh3 Rg2 79. Kb4 c2 0-1

[Event "CZE-chT2F 2122"]
[Site "Czech Republic"]
[Date "2022.02.13"]
[Round "8.1"]
[White "Dobrovolsky, Ladislav"]
[Black "Stepan, Patrik"]
[Result "1/2-1/2"]
[WhiteElo "2247"]
[BlackElo "2250"]
[PlyCount "82"]
[EventDate "2021.10.17"]
[EventType "team-tourn"]
[EventRounds "11"]
[EventCountry "CZE"]
[SourceTitle "EXT 2024"]
[Source "ChessBase"]
[SourceDate "2023.10.10"]
[SourceVersion "1"]
[SourceVersionDate "2023.10.10"]
[SourceQuality "1"]
[WhiteTeam "Poruba Slavoj III"]
[BlackTeam "Frydek Mistek III"]
[WhiteTeamCountry "CZE"]
[BlackTeamCountry "CZE"]

1. c4 Nf6 2. Nf3 e6 3. g3 d5 4. Bg2 Be7 5. 0-0 0-0 6. d4 dxc4 7. Qc2 a6 8. Qxc4 b5 9. Qc2 Bb7 10. Bg5 Nbd7 11. Nbd2 Rc8 12. Nb3 Be4 13. Qd2 c5 14. dxc5 Nxc5 15. Nxc5 Qxd2 16. Bxd2 Bxc5 17. Rac1 Rfd8 18. Ba5 Re8 19. Nd2 Bxg2 20. Kxg2 Bd4 21. b3 Bb2 22. Rxc8 Rxc8 23. Rd1 g6 24. a4 Rc2 25. axb5 axb5 26. Kh1 Nd5 27. Ne4 Be5 28. Rd2 Rc1+ 29. Kg2 Ra1 30. Bd8 Rb1 31. Rd3 Rb2 32. Kf1 Rb1+ 33. Kg2 Kg7 34. Bg5 f6 35. Bd2 Kf7 36. f4 Bb8 37. Nf2 f5 38. e4 fxe4 39. Nxe4 Ke7 40. Nc3 Nxc3 41. Bxc3 Bd6 1/2-1/2

[Event "CZE-chT2F 2122"]
[Site "Czech Republic"]
[Date "2022.01.16"]
[Round "6.1"]
[White "Dobrovolsky, Ladislav"]
[Black "Gnida, Patrik"]
[Result "0-1"]
[WhiteElo "2247"]
[BlackElo "2180"]
[PlyCount "72"]
[EventDate "2021.10.17"]
[EventType "team-tourn"]
[EventRounds "11"]
[EventCountry "CZE"]
[SourceTitle "EXT 2024"]
[Source "ChessBase"]
[SourceDate "2023.10.10"]
[SourceVersion "1"]
[SourceVersionDate "2023.10.10"]
[SourceQuality "1"]
[WhiteTeam "Poruba Slavoj III"]
[BlackTeam "Litovel Tatran"]
[WhiteTeamCountry "CZE"]
[BlackTeamCountry "CZE"]

1. e4 e5 2. Nf3 Nf6 3. Nxe5 Nxe4 4. d4 d6 5. Nf3 d5 6. Bd3 Bd6 7. 0-0 0-0 8. c4 Nf6 9. Qc2 dxc4 10. Bxc4 Nbd7 11. Nc3 Nb6 12. Bd3 h6 13. Re1 Nbd5 14. a3 c6 15. Bd2 Nf4 16. Bf1 N6d5 17. Nxd5 Nxd5 18. Bc4 Be6 19. Ne5 Qh4 20. Re4 Qf6 21. Ree1 Rfe8 22. b4 a6 23. Qb2 Rad8 24. Rad1 Nf4 25. Qc3 Bxc4 26. Bxf4 Qxf4 27. g3 Qf6 28. Nxc4 Rxe1+ 29. Rxe1 Bb8 30. Re4 Ba7 31. Ne5 Qd6 32. Nf3 f5 33. Rf4 Qe6 34. Qd3 Rd5 35. Nh4 g5 36. Rxf5 gxh4 0-1

[Event "CZE-chT2F 2122"]
[Site "Czech Republic"]
[Date "2021.12.19"]
[Round "5.1"]
[White "Zavurka, Roman"]
[Black "Dobrovolsky, Ladislav"]
[Result "1-0"]
[WhiteElo "2141"]
[BlackElo "2247"]
[PlyCount "183"]
[EventDate "2021.10.17"]
[EventType "team-tourn"]
[EventRounds "11"]
[EventCountry "CZE"]
[SourceTitle "EXT 2024"]
[Source "ChessBase"]
[SourceDate "2023.10.10"]
[SourceVersion "1"]
[SourceVersionDate "2023.10.10"]
[SourceQuality "1"]
[WhiteTeam "Prostejov"]
[BlackTeam "Poruba Slavoj III"]
[WhiteTeamCountry "CZE"]
[BlackTeamCountry "CZE"]

1. d4 Nf6 2. Nf3 e6 3. e3 b6 4. Bd3 Bb7 5. Nbd2 d5 6. Qe2 Be7 7. e4 dxe4 8. Nxe4 Nbd7 9. 0-0 0-0 10. Re1 c5 11. dxc5 Nxe4 12. Bxe4 Bxe4 13. Qxe4 Nxc5 14. Qe2 Bf6 15. Ne5 Bxe5 16. Qxe5 Qd7 17. Be3 Rfd8 18. b3 Rac8 19. f3 f6 20. Qh5 Qf7 21. Qxf7+ Kxf7 22. a4 e5 23. a5 Rd6 24. axb6 axb6 25. Ra7+ Rd7 26. Rea1 Rcc7 27. Rxc7 Rxc7 28. Bxc5 bxc5 29. Kf2 c4 30. b4 Rd7 31. Ke3 f5 32. b5 Rb7 33. Ra5 Ke6 34. Kd2 Kd6 35. Kc3 Kc5 36. b6+ Kxb6 37. Rxe5 g6 38. Kxc4 Kc6 39. Re6+ Kd7 40. Ra6 Ke7 41. h4 Rc7+ 42. Kd3 Rd7+ 43. Ke3 Rc7 44. Kd2 Rd7+ 45. Kc1 Rc7 46. Rb6 Kf7 47. Rd6 h5 48. Rd4 Ra7 49. Kd2 Ke6 50. Rb4 Kd5 51. Rb6 Rg7 52. f4 Kc5 53. Ra6 Kc4 54. Rd6 Kc5 55. Rd8 Re7 56. Kd3 Re1 57. Rc8+ Kb6 58. Rg8 Rd1+ 59. Kc4 Rd6 60. c3 Kc6 61. Kb4 Re6 62. c4 Kb6 63. Rd8 Kc7 64. Rd3 Rb6+ 65. Kc3 Re6 66. c5 Re4 67. Rd4 Re2 68. g3 Re3+ 69. Rd3 Re4 70. Kd2 Re6 71. Re3 Rc6 72. Re7+ Kd8 73. Re5 Ra6 74. Ke3 Ra3+ 75. Kd4 Rxg3 76. Kd5 Kd7 77. c6+ Kc7 78. Re7+ Kc8 79. Rg7 Rd3+ 80. Ke5 Rg3 81. Kf6 Rg4 82. Rxg6 Rxh4 83. Kxf5 Kc7 84. Rh6 Rh1 85. Kg5 h4 86. Rxh4 Rg1+ 87. Kf6 Kxc6 88. f5 Re1 89. Kf7 Kd6 90. f6 Re2 91. Rg4 Re1 92. Kg7 1-0

[Event "CZE-chT1E 2122"]
[Site "Czech Republic"]
[Date "2021.10.09"]
[Round "1.3"]
[White "Dobrovolsky, Ladislav"]
[Black "Kapusta, Petr"]
[Result "1-0"]
[WhiteElo "2249"]
[BlackElo "2115"]
[PlyCount "63"]
[EventDate "2021.10.09"]
[EventType "team-tourn"]
[EventRounds "11"]
[EventCountry "CZE"]
[SourceTitle "EXT 2023"]
[Source "ChessBase"]
[SourceDate "2022.10.05"]
[SourceVersion "1"]
[SourceVersionDate "2022.10.05"]
[SourceQuality "1"]
[WhiteTeam "Poruba Slavoj II"]
[BlackTeam "Vlcnov"]
[WhiteTeamCountry "CZE"]
[BlackTeamCountry "CZE"]

1. c4 Nf6 2. Nf3 g6 3. g3 Bg7 4. Bg2 0-0 5. 0-0 d6 6. d4 Nc6 7. Nc3 a6 8. d5 Na5 9. Nd2 c5 10. Qc2 Rb8 11. b3 b5 12. Bb2 e6 13. Rab1 Re8 14. e4 exd5 15. Nxd5 Nxd5 16. cxd5 Bxb2 17. Qxb2 Bd7 18. Rfe1 c4 19. Qd4 Rc8 20. b4 Nb7 21. Re3 a5 22. a3 axb4 23. axb4 Ra8 24. f4 Ra4 25. e5 Bf5 26. Be4 Qe7 27. Bxf5 gxf5 28. Rbe1 Rf8 29. e6 f6 30. Nf3 Rxb4 31. Nh4 Nc5 32. Nxf5 1-0

[Event "Ostrava Konik op-A"]
[Site "Ostrava"]
[Date "2021.08.13"]
[Round "7"]
[White "Hrbek, Stepan"]
[Black "Dobrovolsky, Ladislav"]
[Result "1/2-1/2"]
[WhiteElo "2258"]
[BlackElo "2238"]
[PlyCount "78"]
[EventDate "2021.08.07"]
[EventType "swiss"]
[EventRounds "9"]
[EventCountry "CZE"]
[SourceTitle "EXT 2022"]
[Source "ChessBase"]
[SourceDate "2021.10.06"]
[SourceVersion "1"]
[SourceVersionDate "2021.10.06"]
[SourceQuality "1"]

1. e4 c5 2. Nf3 e6 3. d4 cxd4 4. Nxd4 Nc6 5. Nc3 Qc7 6. Qd3 a6 7. Nxc6 bxc6 8. Qg3 Qxg3 9. hxg3 Nf6 10. Bd3 d5 11. f3 Be7 12. g4 d4 13. Na4 Nd7 14. b3 e5 15. c3 Nc5 16. Nxc5 Bxc5 17. Bb2 dxc3 18. Bxc3 f6 19. Ba5 Bd7 20. Rc1 Be3 21. Rc2 0-0 22. Ke2 Bd4 23. Rhc1 Rfc8 24. Kd2 h6 25. Bc3 Bb6 26. Bb4 a5 27. Bc5 Bxc5 28. Rxc5 Kf8 29. Kc3 Ke7 30. Kb2 Rcb8 31. Ka3 Rb4 32. Rxa5 Rxa5+ 33. Kxb4 Rxa2 34. Rc2 Rxc2 35. Bxc2 Kd6 36. Bd3 g6 37. Be2 f5 38. gxf5 gxf5 39. exf5 Bxf5 1/2-1/2